000 01339cam a2200157 4500500
005 20260426025237.0
041 _afre
042 _adc
100 1 0 _aDouailler, Stéphane
_eauthor
245 0 0 _aCalypso ne pouvait se consoler du départ d'Ulysse : l'île de l'égalité
260 _c2005.
500 _a50
520 _aRésumé Résumé : Quand Jacques Rancière publie en 1987 Le Maître ignorant, Joseph Jacotot, sa méthode universelle d’émancipation intellectuelle et son apprentissage de la lecture sans maître explicateur avaient été rangés dans la grande galerie des précurseurs de l’école et de la pédagogie. Relisant le statut que lui avait ainsi conféré dès 1911 le Dictionnaire de pédagogie de Ferdinand Buisson, Stéphane Douailler tente de dégager dans ce bref article quelques-unes des lignes de rupture à travers lesquelles le livre de Jacques Rancière réussit à styliser l’aventure de Jacotot en paradigme exceptionnel de la question philosophique de l’égalité des intelligences et de l’émancipation universelle au contraire des vérités autour desquelles s’est historiquement rassemblée l’école.
786 0 _nLe Télémaque | 27 | 1 | 2005-03-01 | p. 37-44 | 1263-588X
856 4 1 _uhttps://shs.cairn.info/revue-le-telemaque-2005-1-page-37?lang=fr&redirect-ssocas=7080
999 _c2227035
_d2227035